000
00315nam a22001457a 4500
003
SGT
020
_a
978-93-865507-9
082
_a
615.53
_b
A17S
100
_a
SHREEVATHSA,ED.
245
_a
ANUPANA DARPAN
260
_a
VARANASI
_b
CHAUKHAMBHA PUB
_c
2017
300
_a
177
650
_a
AYURVEDA
942
_2
ddc
_c
BK
_0
2
999
_c
16542
_d
16542